01361agaaa2200313 45000010005000000030009000050050017000140070009000310080040000400400023000800410013001031000047001161300027001632400019001902450149002092460012003582500022003702600083003923000034004755080116005095110092006255200066007175380016007835460013007996500058008127000059008707000061009297000057009905298IT-RoPAU20220918181237.0d cvaizq50131s9999||||xx ||| | || ||und|| aIT-RoPAUcIT-RoPAU aITALIANO aKatzin Lee H.gCodice regista SPICS: 35485 a24 ORE DI LE MANS (LE) aLE MANSgT2380 a24 ORE DI LE MANS (LE)cSceneggiatura: Kleiner Harry -- Diretto da: Katzin Lee H.p24 ORE DI LE MANS (LE) (Rif. Codice opera principale : A5298) aLE MANS aEdizione Standard aPARIS (STATI UNITI)bSOLAR / g"1971 (1° ed.: 1992 ; Ed. Lingua Orig.: 1971)" aVHSbsonoro, col.c108 minuti a"Fotografia: Hauser Robert; Montaggio: Wodcock John M.; Musica: Legrand Michel; Sceneggiatura: Kleiner Harry; " a"Mcqueen Steve; Andersen Elga; Rauch Siegfried; Haltiner Fred; Merenda Luc; Infanti A." aDOCUMENTARIO. CORSA AUTOMOBILISTICA. PUBBLICO. FILM A COLORI. aPAL, STEREO aITALIANO aDOCUMENTARIOeFILMS [VHS]xCodice MATERIA SPICS: 9960 aKatzin Lee H. e(regista)gCodice regista SPICS: 35485 aKleiner Harry e(soggetto)gCodice Soggetto SPICS: 35486 aLegrand Michele(musica)gCodice Musica SPICS: 10930